[Event "Wch U16"]
[Site "Maribor"]
[Date "2012.11.17"]
[Round "10.49"]
[White "Djuricic, Domen"]
[Black "Vos, Tjark"]
[Result "1/2-1/2"]
[WhiteElo "1868"]
[BlackElo "2012"]
[PlyCount "92"]
[EventDate "2012.11.08"]
[EventType "swiss"]
[EventRounds "11"]
[EventCountry "SLO"]
[SourceTitle "EXT 2013"]
[Source "ChessBase"]
[SourceDate "2012.11.22"]
[SourceVersion "1"]
[SourceVersionDate "2012.11.22"]
[SourceQuality "1"]

1. d4 Nf6 2. Nf3 g6 3. Bf4 Bg7 4. e3 0-0 5. Be2 d6 6. h3 b6 7. 0-0 Bb7 8. c4 c5 9. d5 Nh5 10. Nc3 Nxf4 11. exf4 Nd7 12. Qd2 Nf6 13. Rad1 Bc8 14. Nh2 h5 15. Rfe1 Bf5 16. Bd3 Bxd3 17. Qxd3 Qd7 18. Re2 Rfe8 19. Nf3 Bh6 20. Ng5 Kg7 21. b3 h4 22. Rde1 Nh5 23. Qf3 Rab8 24. a4 Rb7 25. Nce4 a6 26. g4 hxg3 27. fxg3 Kg8 28. g4 Ng7 29. Nxf7 Kxf7 30. g5 Bxg5 31. Nxg5+ Kg8 32. Ne6 Rf8 33. Nxf8 Kxf8 34. Qg3 Qe8 35. Rg2 Nf5 36. Qg5 Qf7 37. Re6 Nd4 38. Qh6+ Ke8 39. Rexg6 Kd7 40. Rg7 Qf8 41. R2g4 b5 42. axb5 axb5 43. cxb5 Ra7 44. Rxe7+ Qxe7 45. Rg7 Ra1+ 46. Kf2 Ra2+ 1/2-1/2

[Event "Wch U16"]
[Site "Maribor"]
[Date "2012.11.11"]
[Round "4.46"]
[White "Djuricic, Domen"]
[Black "Gregori, Giacomo"]
[Result "0-1"]
[WhiteElo "1868"]
[BlackElo "2034"]
[PlyCount "104"]
[EventDate "2012.11.08"]
[EventType "swiss"]
[EventRounds "11"]
[EventCountry "SLO"]
[SourceTitle "EXT 2013"]
[Source "ChessBase"]
[SourceDate "2012.11.22"]
[SourceVersion "1"]
[SourceVersionDate "2012.11.22"]
[SourceQuality "1"]

1. d4 Nf6 2. Nf3 g6 3. Bf4 Bg7 4. e3 c5 5. Be2 0-0 6. 0-0 b6 7. Nbd2 Bb7 8. h3 d6 9. c3 Nbd7 10. a4 Qc7 11. Bh2 Rfc8 12. Qb3 cxd4 13. exd4 Nf8 14. Rfe1 Qd7 15. Bb5 Qd8 16. Bc4 d5 17. Bd3 Bh6 18. Nf1 N6d7 19. Ne5 e6 20. Ne3 Nxe5 21. Bxe5 Bg7 22. a5 Nd7 23. Bxg7 Kxg7 24. Nc2 Bc6 25. a6 Nf6 26. Bb5 Qd7 27. Bxc6 Qxc6 28. Ne3 Rab8 29. Ng4 Nxg4 30. hxg4 b5 31. g5 Qd6 32. g3 h6 33. gxh6+ Kxh6 34. Kg2 Kg7 35. Rh1 Rh8 36. Rxh8 Kxh8 37. Qc2 Kg7 38. Qd2 Rh8 39. b4 Qc6 40. Qe3 f6 41. Re1 Kf7 42. Ra1 e5 43. f3 Qe6 44. g4 e4 45. Ra5 Qd6 46. f4 g5 47. Rxb5 gxf4 48. Qg1 f3+ 49. Kf2 Qxa6 50. Ra5 Qe2+ 51. Kg3 f2 52. Rxa7+ Kg6 0-1

[Event "SLO-ch U20"]
[Site "Kamnik"]
[Date "2012.06.26"]
[Round "6"]
[White "Djuricic, Domen"]
[Black "Markoja, Boris"]
[Result "0-1"]
[WhiteElo "1861"]
[BlackElo "2056"]
[PlyCount "100"]
[EventDate "2012.06.23"]
[EventType "swiss"]
[EventRounds "7"]
[EventCountry "SLO"]
[SourceTitle "EXT 2019"]
[Source "ChessBase"]
[SourceDate "2018.10.10"]
[SourceVersion "1"]
[SourceVersionDate "2018.10.10"]
[SourceQuality "1"]

1. d4 g6 2. Nf3 Bg7 3. Bf4 d6 4. e3 Nd7 5. Be2 Ngf6 6. h3 0-0 7. 0-0 Re8 8. Bh2 b6 9. c4 e6 10. Nc3 Bb7 11. Qc2 e5 12. dxe5 Nxe5 13. Nxe5 dxe5 14. Rad1 Qe7 15. Nd5 Nxd5 16. cxd5 Red8 17. e4 Rd6 18. f4 c6 19. fxe5 Bxe5 20. Bxe5 Qxe5 21. dxc6 Rxc6 22. Qb3 Rc7 23. Rxf7 Rxf7 24. Rd7 Bd5 25. Rxd5 Qf6 26. Bc4 Kg7 27. Rd1 Re7 28. Bd5 Rf8 29. Qc2 Qe5 30. Qc3 Qxc3 31. bxc3 Rc8 32. c4 Kf6 33. Kf2 Ke5 34. Ke3 Rc5 35. a4 Ra5 36. Ra1 Rc7 37. g3 Rcc5 38. Kd3 Rc8 39. Ke3 Rf8 40. h4 h6 41. Bc6 Rf6 42. Bb5 a6 43. Bd7 Rd6 44. Be8 Rd4 45. Bxg6 Rxc4 46. Rb1 Rc3+ 47. Kf2 Rxa4 48. Rb2 b5 49. g4 Rac4 50. Ke1 Rh3 0-1

[Event "SLO-ch U20"]
[Site "Kamnik"]
[Date "2012.06.24"]
[Round "3"]
[White "Cop, Jaka"]
[Black "Djuricic, Domen"]
[Result "0-1"]
[WhiteElo "1631"]
[BlackElo "1861"]
[PlyCount "100"]
[EventDate "2012.06.23"]
[EventType "swiss"]
[EventRounds "7"]
[EventCountry "SLO"]
[SourceTitle "EXT 2019"]
[Source "ChessBase"]
[SourceDate "2018.10.10"]
[SourceVersion "1"]
[SourceVersionDate "2018.10.10"]
[SourceQuality "1"]

1. e4 c6 2. d4 d5 3. exd5 cxd5 4. c4 Nf6 5. Nc3 e6 6. Nf3 Be7 7. cxd5 Nxd5 8. Bd3 0-0 9. 0-0 Nc6 10. Be4 Nxc3 11. bxc3 Bf6 12. Bxc6 bxc6 13. Ba3 Be7 14. Bxe7 Qxe7 15. Ne5 c5 16. Qd3 cxd4 17. cxd4 Bb7 18. Rac1 Rac8 19. Rxc8 Rxc8 20. Rb1 Bd5 21. Qa6 Rd8 22. Rc1 Qg5 23. Qf1 f6 24. Nc6 Bxc6 25. Rxc6 Rxd4 26. Rxe6 Qd5 27. Re2 Kf7 28. h3 Rd1 29. Re1 Rxe1 30. Qxe1 Qxa2 31. Qd1 Qe6 32. Kh2 Ke7 33. g3 a5 34. Qc2 Qb6 35. Qe2+ Kf8 36. Qc2 a4 37. Qc8+ Ke7 38. Qc2 a3 39. Kg1 g6 40. Qe2+ Qe6 41. Qc2 a2 42. Qc7+ Kf8 43. Qd8+ Kg7 44. Qc7+ Qf7 45. Qc3 Qb7 46. Kh2 Qa7 47. Qa1 Qxf2+ 48. Kh1 Qc2 49. Qd4 Qc1+ 50. Kh2 a1Q 0-1

[Event "SLO-ch U20"]
[Site "Kamnik"]
[Date "2012.06.23"]
[Round "1"]
[White "Globevnik, Miha"]
[Black "Djuricic, Domen"]
[Result "0-1"]
[WhiteElo "1496"]
[BlackElo "1861"]
[PlyCount "34"]
[EventDate "2012.06.23"]
[EventType "swiss"]
[EventRounds "7"]
[EventCountry "SLO"]
[SourceTitle "EXT 2019"]
[Source "ChessBase"]
[SourceDate "2018.10.10"]
[SourceVersion "1"]
[SourceVersionDate "2018.10.10"]
[SourceQuality "1"]

1. e4 c6 2. d4 d5 3. Nc3 dxe4 4. Nxe4 Bf5 5. Ng3 Bg6 6. Nf3 e6 7. h4 h6 8. h5 Bh7 9. Ne5 Nd7 10. Nf3 Ngf6 11. Bd3 Bxd3 12. Qxd3 Be7 13. Bf4 0-0 14. 0-0-0 Nd5 15. Qd2 Nxf4 16. Qxf4 Nb6 17. Ne5 Bg5 0-1

[Event "Nova Gorica op-A 17th"]
[Site "Nova Gorica"]
[Date "2012.01.29"]
[Round "5"]
[White "Amon, Nejc"]
[Black "Djuricic, Domen"]
[Result "0-1"]
[WhiteElo "1671"]
[BlackElo "1884"]
[PlyCount "62"]
[EventDate "2012.01.27"]
[EventType "swiss"]
[EventRounds "9"]
[EventCountry "SLO"]
[SourceTitle "CBM 146 Extra"]
[Source "ChessBase"]
[SourceDate "2012.02.29"]
[SourceVersion "1"]
[SourceVersionDate "2012.02.29"]
[SourceQuality "1"]

1. e4 d5 2. exd5 Qxd5 3. Nc3 Qa5 4. d4 Nf6 5. Bc4 c6 6. Bd2 Bf5 7. Qe2 e6 8. d5 cxd5 9. Nxd5 Qd8 10. Nxf6+ gxf6 11. 0-0-0 Qc7 12. Bb5+ Nc6 13. Nf3 0-0-0 14. Bxc6 Qxc6 15. Bc3 Bh6+ 16. Kb1 e5 17. Nh4 Be6 18. a3 Kb8 19. Bd2 Bg7 20. Rhe1 Rc8 21. Rc1 Rhd8 22. Red1 Bf8 23. Qf3 Bd5 24. Qh3 Be6 25. Qf3 Qc4 26. b3 Qxh4 27. g3 Qg4 28. Qxg4 Bxg4 29. f3 Bxf3 30. Rf1 Rxd2 31. Rxf3 Bxa3 0-1

[Event "Nova Gorica op-A 17th"]
[Site "Nova Gorica"]
[Date "2012.01.28"]
[Round "3"]
[White "Debevec, Blaz"]
[Black "Djuricic, Domen"]
[Result "1-0"]
[WhiteElo "2064"]
[BlackElo "1884"]
[PlyCount "77"]
[EventDate "2012.01.27"]
[EventType "swiss"]
[EventRounds "9"]
[EventCountry "SLO"]
[SourceTitle "CBM 146 Extra"]
[Source "ChessBase"]
[SourceDate "2012.02.29"]
[SourceVersion "1"]
[SourceVersionDate "2012.02.29"]
[SourceQuality "1"]

1. e4 d5 2. exd5 Qxd5 3. Nc3 Qa5 4. d4 Nf6 5. Bc4 c6 6. Bd2 Bf5 7. Nd5 Qd8 8. Nxf6+ gxf6 9. Nf3 Nd7 10. c3 Nb6 11. Bb3 Qd7 12. Qe2 e6 13. Bf4 0-0-0 14. 0-0-0 Bd6 15. Bxd6 Qxd6 16. Rd2 a5 17. Nh4 Bg6 18. a4 Rd7 19. Qf3 Qe7 20. Re1 Rhd8 21. Ree2 f5 22. g3 Nd5 23. Ng2 Nf6 24. Nf4 Ne4 25. Rd1 Qd6 26. h4 h5 27. Bc2 b5 28. Nxg6 fxg6 29. Bxe4 fxe4 30. Qxe4 Re7 31. axb5 cxb5 32. Qa8+ Kd7 33. Qb7+ Ke8 34. Qxb5+ Kf7 35. Rd3 Ra8 36. Rf3+ Kg8 37. Qg5 Rg7 38. Rf6 Kh7 39. Rexe6 1-0

[Event "Nova Gorica op-A 17th"]
[Site "Nova Gorica"]
[Date "2012.01.27"]
[Round "1"]
[White "Solomon, Kenny"]
[Black "Djuricic, Domen"]
[Result "1-0"]
[WhiteElo "2461"]
[BlackElo "1884"]
[PlyCount "59"]
[EventDate "2012.01.27"]
[EventType "swiss"]
[EventRounds "9"]
[EventCountry "SLO"]
[SourceTitle "CBM 146 Extra"]
[Source "ChessBase"]
[SourceDate "2012.02.29"]
[SourceVersion "1"]
[SourceVersionDate "2012.02.29"]
[SourceQuality "1"]

1. Nf3 d5 2. d4 Nf6 3. c4 e6 4. g3 Nbd7 5. Bg2 Be7 6. 0-0 0-0 7. Qc2 b6 8. cxd5 exd5 9. Ne5 c5 10. Nc6 Qe8 11. Nc3 Bb7 12. Nxd5 Nxd5 13. Bxd5 Bf6 14. Ne7+ Qxe7 15. Bxb7 Rab8 16. Be4 cxd4 17. Bxh7+ Kh8 18. Qf5 g5 19. h4 Rbc8 20. hxg5 Rc5 21. Qh3 Bxg5 22. Bf5+ Kg7 23. Bxg5 Qxg5 24. Qh7+ Kf6 25. Bxd7 Re5 26. Rfd1 Rxe2 27. Qd3 Qe5 28. Qf3+ Ke7 29. Bg4 f5 30. Qxe2 1-0

[Event "EU-ch U14"]
[Site "Albena"]
[Date "2011.09.13"]
[Round "3"]
[White "Djuricic, Domen"]
[Black "Gheorghiu, Calin"]
[Result "0-1"]
[WhiteElo "1845"]
[BlackElo "2023"]
[PlyCount "84"]
[EventDate "2011.09.11"]
[EventType "swiss"]
[EventRounds "9"]
[EventCountry "BUL"]
[SourceTitle "CBM 144 Extra"]
[Source "ChessBase"]
[SourceDate "2011.10.28"]
[SourceVersion "1"]
[SourceVersionDate "2011.10.28"]
[SourceQuality "1"]

1. e4 c5 2. c3 Nf6 3. e5 Nd5 4. d4 cxd4 5. cxd4 d6 6. Bc4 Nb6 7. Bb5+ Bd7 8. Bxd7+ Qxd7 9. Nf3 d5 10. 0-0 e6 11. b3 Nc6 12. Nc3 Be7 13. Ne2 a5 14. a4 Rc8 15. Ng3 Nb4 16. Nh5 g6 17. Nf6+ Bxf6 18. exf6 Qd8 19. Bf4 Nd7 20. Rc1 Rxc1 21. Qxc1 Nd3 22. Qd2 Nxf4 23. Qxf4 0-0 24. Rc1 Nxf6 25. Qc7 Qb8 26. Ne5 Qa7 27. Rc5 Qa6 28. Rb5 Qa7 29. Rb6 Ne4 30. Nc6 Qa8 31. Rxb7 Qa6 32. Rb5 Kg7 33. Ne5 Kg8 34. Qxa5 Rc8 35. g3 Qd6 36. Qb4 Qc7 37. Nd3 Qc2 38. Rb8 Rxb8 39. Qxb8+ Kg7 40. Qb5 Nc3 41. Ne1 Qe4 42. Qd3 Qxe1+ 0-1

[Event "SLO-ch U20"]
[Site "Pohorje"]
[Date "2010.06.29"]
[Round "7"]
[White "Djuricic, Domen"]
[Black "Zagorsek, David"]
[Result "1-0"]
[WhiteElo "1836"]
[BlackElo "1515"]
[PlyCount "111"]
[EventDate "2010.06.25"]
[EventType "swiss"]
[EventRounds "7"]
[EventCountry "SLO"]
[SourceTitle "CBM 137 Extra"]
[Source "ChessBase"]
[SourceDate "2010.09.01"]
[SourceVersion "1"]
[SourceVersionDate "2010.09.01"]
[SourceQuality "1"]

1. e4 e5 2. Nf3 Nc6 3. Bc4 Bc5 4. d3 h6 5. c3 Nf6 6. 0-0 0-0 7. Nbd2 d5 8. exd5 Nxd5 9. Ne4 Be7 10. h3 Kh8 11. Re1 f5 12. Ng3 f4 13. Nf1 Bf6 14. N1d2 Bf5 15. Ne4 Bxe4 16. Rxe4 Nb6 17. Bb3 Qd7 18. Bc2 Rae8 19. Qe2 Re7 20. Bd2 Rfe8 21. Re1 a6 22. c4 Qd6 23. a3 Nd7 24. b4 b6 25. Ba4 Nd4 26. Nxd4 exd4 27. Bxd7 Rxe4 28. dxe4 Qxd7 29. Bxf4 d3 30. Qd2 Qd4 31. Bxc7 Rxe4 32. Rxe4 Qxe4 33. Bxb6 Qe2 34. Be3 Bd4 35. Qxe2 dxe2 36. Bd2 g5 37. g4 Be5 38. Kg2 Bf4 39. Be1 Bc1 40. a4 Kg7 41. Kf3 Kf6 42. Kxe2 Ke6 43. Kd3 Kd6 44. Bc3 Bf4 45. Bg7 Kc6 46. Bxh6 Bd6 47. c5 Be7 48. Kc4 Kc7 49. f4 gxf4 50. Bxf4+ Kc8 51. g5 Bf8 52. h4 Kd7 53. b5 axb5+ 54. axb5 Bg7 55. h5 Ke7 56. b6 1-0

[Event "SLO-ch U20"]
[Site "Pohorje"]
[Date "2010.06.27"]
[Round "4"]
[White "Brinovec, David"]
[Black "Djuricic, Domen"]
[Result "1/2-1/2"]
[WhiteElo "1516"]
[BlackElo "1836"]
[PlyCount "55"]
[EventDate "2010.06.25"]
[EventType "swiss"]
[EventRounds "7"]
[EventCountry "SLO"]
[SourceTitle "CBM 137 Extra"]
[Source "ChessBase"]
[SourceDate "2010.09.01"]
[SourceVersion "1"]
[SourceVersionDate "2010.09.01"]
[SourceQuality "1"]

1. e4 c5 2. Nf3 a6 3. c3 d5 4. exd5 Qxd5 5. d4 Nf6 6. Be2 Nc6 7. 0-0 e6 8. Bf4 cxd4 9. cxd4 Be7 10. Nc3 Qa5 11. Rc1 0-0 12. Qb3 Qb4 13. Qxb4 Nxb4 14. Rfd1 Nbd5 15. Nxd5 Nxd5 16. Bg3 b5 17. Ne5 Bb7 18. Nd7 Rfd8 19. Nc5 Bxc5 20. dxc5 Bc6 21. Bf3 Rac8 22. Bd6 h6 23. h3 Rd7 24. Be4 Nb4 25. Bxc6 Rxc6 26. a3 Nd5 27. Kf1 Nf6 28. Rd4 1/2-1/2

[Event "SLO-chT3 West"]
[Site "Kocevje"]
[Date "2009.11.15"]
[Round "5"]
[White "Djuricic, Domen"]
[Black "Kralj, Manca"]
[Result "1/2-1/2"]
[WhiteElo "1586"]
[BlackElo "1801"]
[PlyCount "64"]
[EventDate "2009.11.13"]
[EventType "swiss"]
[EventRounds "5"]
[EventCountry "SLO"]
[SourceTitle "EXT 2022"]
[Source "ChessBase"]
[SourceDate "2021.10.06"]
[SourceVersion "1"]
[SourceVersionDate "2021.10.06"]
[SourceQuality "1"]

1. e4 e5 2. Nf3 Nc6 3. Bc4 Bc5 4. c3 Nf6 5. d3 h6 6. Nbd2 d6 7. Bb3 0-0 8. 0-0 Be6 9. h3 Bxb3 10. Nxb3 Bb6 11. Be3 Qd7 12. Nh2 Nh7 13. Bxb6 axb6 14. f4 f5 15. fxe5 Nxe5 16. exf5 Rxf5 17. Nf3 Nxf3+ 18. Rxf3 Raf8 19. Nd4 R5f6 20. Qb3+ Kh8 21. Raf1 Rxf3 22. Rxf3 Rxf3 23. Nxf3 Nf6 24. Nd4 d5 25. Qc2 c5 26. Nf3 Qe6 27. Kf2 Kg8 28. Qe2 Kf7 29. Ne5+ Ke7 30. Ng6+ Kd6 31. Qxe6+ Kxe6 32. Nf4+ Kd6 1/2-1/2

[Event "SLO-ch qual"]
[Site "Otocec"]
[Date "2009.07.09"]
[Round "5"]
[White "Bucar, Natasa"]
[Black "Djuricic, Domen"]
[Result "1-0"]
[WhiteElo "1988"]
[BlackElo "1586"]
[PlyCount "81"]
[EventDate "2009.07.07"]
[EventType "swiss"]
[EventRounds "9"]
[EventCountry "SLO"]
[SourceTitle "EXT 2010"]
[Source "ChessBase"]
[SourceDate "2010.11.25"]
[SourceVersion "1"]
[SourceVersionDate "2010.11.25"]
[SourceQuality "1"]

1. e4 c5 2. Nf3 a6 3. c4 Nc6 4. Nc3 e6 5. d4 cxd4 6. Nxd4 Qc7 7. Be2 b6 8. 0-0 Be7 9. Be3 Bb7 10. Kh1 Nf6 11. f4 Nxd4 12. Qxd4 Bc5 13. Qd3 d6 14. Bf3 Rb8 15. Bd2 Bc6 16. a4 Bb4 17. e5 dxe5 18. fxe5 Nd7 19. Bxc6 Qxc6 20. Qg3 Ke7 21. Qg5+ Kf8 22. Qf4 f6 23. exf6 gxf6 24. Qh6+ Kf7 25. Qh5+ Kf8 26. Rae1 Rg8 27. Bh6+ Ke7 28. Nd5+ Kd8 29. Qf7 exd5 30. Qxg8+ Kc7 31. Bf4+ Kb7 32. Bxb8 Bxe1 33. Rxe1 Nxb8 34. Qf7+ Nd7 35. Qxd5 Qxd5 36. cxd5 Ne5 37. h3 Kc7 38. Rf1 Nd7 39. Rf5 Kd6 40. b4 b5 41. a5 1-0

[Event "SLO-ch U12"]
[Site "Rogaska Slatina"]
[Date "2009.02.24"]
[Round "4"]
[White "Cretnik, Urban"]
[Black "Djuricic, Domen"]
[Result "0-1"]
[WhiteElo "1551"]
[BlackElo "1543"]
[PlyCount "97"]
[EventDate "2009.02.22"]
[EventType "swiss"]
[EventRounds "9"]
[EventCountry "SLO"]
[SourceTitle "CBM 129 Extra"]
[Source "ChessBase"]
[SourceDate "2009.05.05"]
[SourceVersion "2"]
[SourceVersionDate "2009.05.20"]
[SourceQuality "1"]

1. e4 c5 2. Nc3 a6 3. a4 b6 4. f4 Bb7 5. Bc4 e6 6. d3 d5 7. Bb3 dxe4 8. dxe4 Qxd1+ 9. Kxd1 Nf6 10. Ke2 Nxe4 11. Nxe4 Bxe4 12. Nf3 Nc6 13. Ke3 Bd5 14. c4 Na5 15. cxd5 Nxb3 16. Ra3 Nxc1 17. dxe6 fxe6 18. Rxc1 Be7 19. Rd3 0-0 20. Rd7 Bf6 21. b3 Rfd8 22. Rc7 Rac8 23. Rb7 Rb8 24. Rc7 Rd6 25. Ke4 h6 26. g4 Bd4 27. Nxd4 Rxd4+ 28. Ke3 Rb4 29. Rd1 Rxb3+ 30. Ke4 Rb4+ 31. Ke5 Kh8 32. Rdd7 Rg8 33. a5 bxa5 34. Rxc5 a4 35. Ra7 Rb5 36. Kd4 Rf8 37. Rc6 Rxf4+ 38. Ke3 Rxg4 39. Rxe6 Ra5 40. Kf3 h5 41. h3 Rgg5 42. Re8+ Kh7 43. Raa8 a3 44. Rh8+ Kg6 45. Ra7 Rgf5+ 46. Kg3 Rf7 47. Raa8 a2 48. Rab8 a1Q 49. Rb6+ 0-1

[Event "SLO-ch U12"]
[Site "Rogaska Slatina"]
[Date "2009.02.24"]
[Round "5"]
[White "Djuricic, Domen"]
[Black "Markoja, Sebastijan"]
[Result "0-1"]
[WhiteElo "1543"]
[BlackElo "1846"]
[PlyCount "30"]
[EventDate "2009.02.22"]
[EventType "swiss"]
[EventRounds "9"]
[EventCountry "SLO"]
[SourceTitle "CBM 129 Extra"]
[Source "ChessBase"]
[SourceDate "2009.05.05"]
[SourceVersion "2"]
[SourceVersionDate "2009.05.20"]
[SourceQuality "1"]

1. e4 c5 2. c4 d6 3. Nc3 Nc6 4. g3 g6 5. Bg2 Bg7 6. Nge2 Ne5 7. d3 Bg4 8. 0-0 Qd7 9. f4 Nc6 10. Bf3 h5 11. Be3 Bxf3 12. Rxf3 h4 13. Rf2 Nf6 14. Qd2 hxg3 15. Nxg3 Ng4 0-1

[Event "SLO-ch U12"]
[Site "Rogaska Slatina"]
[Date "2009.02.22"]
[Round "2"]
[White "Djuricic, Domen"]
[Black "Markoja, Boris"]
[Result "1/2-1/2"]
[WhiteElo "1543"]
[BlackElo "1774"]
[PlyCount "36"]
[EventDate "2009.02.22"]
[EventType "swiss"]
[EventRounds "9"]
[EventCountry "SLO"]
[SourceTitle "CBM 129 Extra"]
[Source "ChessBase"]
[SourceDate "2009.05.05"]
[SourceVersion "2"]
[SourceVersionDate "2009.05.20"]
[SourceQuality "1"]

1. e4 c5 2. Nf3 e6 3. d4 cxd4 4. Nxd4 a6 5. c4 Nf6 6. Nc3 Qc7 7. a3 Be7 8. Be3 0-0 9. Be2 d6 10. Qd2 b6 11. 0-0 Bb7 12. f3 Nbd7 13. b4 Rac8 14. Rac1 Qb8 15. Kh1 Bd8 16. Bg1 Bc7 17. Rc2 d5 18. exd5 exd5 1/2-1/2

[Event "SLO-ch U12"]
[Site "Postojna"]
[Date "2008.02.27"]
[Round "5"]
[White "Djuricic, Domen"]
[Black "Bombek, Miha"]
[Result "0-1"]
[WhiteElo "1534"]
[BlackElo "1565"]
[PlyCount "94"]
[EventDate "2008.02.24"]
[EventType "swiss"]
[EventRounds "9"]
[EventCountry "SLO"]
[SourceTitle "EXT 2010"]
[Source "ChessBase"]
[SourceDate "2010.11.25"]
[SourceVersion "1"]
[SourceVersionDate "2010.11.25"]
[SourceQuality "1"]

1. e4 c6 2. d4 d5 3. exd5 cxd5 4. Bd3 Nf6 5. c3 Nc6 6. Bf4 e6 7. Nf3 Nh5 8. Be3 Bd6 9. 0-0 Nf4 10. Bc2 0-0 11. Qd2 Ng6 12. Qd3 Bd7 13. Re1 Rc8 14. Nbd2 Qc7 15. a3 f6 16. Re2 Nce7 17. Ree1 e5 18. Nf1 e4 19. Qe2 exf3 20. Qxf3 f5 21. Bg5 Rce8 22. Re2 f4 23. Bxg6 Nxg6 24. Qxd5+ Kh8 25. Rae1 Bc6 26. Qc4 Rxe2 27. Rxe2 f3 28. gxf3 Bxf3 29. Qxc7 Bxc7 30. Re3 Bc6 31. Ng3 Nf4 32. Bxf4 Bxf4 33. Re1 g6 34. h4 Bxg3 35. fxg3 Rf3 36. Re2 Rxg3+ 37. Kh2 Rf3 38. Rd2 Rf5 39. Kg3 Kg7 40. Re2 Kf6 41. Re3 g5 42. hxg5+ Rxg5+ 43. Kf4 Rf5+ 44. Kg4 h5+ 45. Kh4 Rf4+ 46. Kh3 Rf3+ 47. Rxf3+ Bxf3 0-1

[Event "SLO-ch U12"]
[Site "Postojna"]
[Date "2008.02.26"]
[Round "3"]
[White "Markoja, Sebastijan"]
[Black "Djuricic, Domen"]
[Result "1-0"]
[WhiteElo "1791"]
[BlackElo "1534"]
[PlyCount "47"]
[EventDate "2008.02.24"]
[EventType "swiss"]
[EventRounds "9"]
[EventCountry "SLO"]
[SourceTitle "EXT 2010"]
[Source "ChessBase"]
[SourceDate "2010.11.25"]
[SourceVersion "1"]
[SourceVersionDate "2010.11.25"]
[SourceQuality "1"]

1. e4 e5 2. Nf3 d6 3. d4 exd4 4. Nxd4 Nf6 5. Nc3 Be7 6. f3 0-0 7. Be3 Bd7 8. Qd2 Nc6 9. 0-0-0 Nxd4 10. Bxd4 Qb8 11. e5 dxe5 12. Bxe5 Be6 13. Bd3 Qc8 14. g4 Rd8 15. Qe2 Nd7 16. Qe4 g6 17. h4 Nc5 18. Qe2 Nxd3+ 19. Rxd3 Rxd3 20. cxd3 Qd8 21. h5 Bf6 22. hxg6 hxg6 23. Qh2 Rc8 24. Qh8+ 1-0